Butlletí de la Cámara Mercantil
Descripción Física:
1 vol. enquadernat ; il. b/n ; taules ; periodicitat: mensual ; 28 cm
Otros Autores:
Cámara Mercantil (Barcelona)
MARC
| LEADER | 00000nas a2200000 a 4500 | ||
|---|---|---|---|
| 001 | 9310 | ||
| 003 | Arxiu | ||
| 005 | 20260324175352.0 | ||
| 008 | 160829s9999 xx 000 0 cat d | ||
| 245 | |a Butlletí de la Cámara Mercantil | ||
| 260 | |a Barcelona : |b la Cámara : Impr. Altés ; |b [1922] - 1930 | ||
| 300 | |a 1 vol. enquadernat ; |b il. b/n ; taules ; periodicitat: mensual ; |c 28 cm | ||
| 310 | |a Menual | ||
| 362 | |a Núm. 94 (gener 1930) - Núm. 105 (desembre 1930) | ||
| 650 | |a Cámara Mercantil (Barcelona) |x Revistes |9 29959 | ||
| 650 | |a Comerç |x Revistes |9 29960 | ||
| 655 | |a Revistes |9 55823 | ||
| 700 | |a Cámara Mercantil (Barcelona) |9 29961 | ||
| 785 | 0 | 0 | |t Butlletí de la Cambra Mercantil |
| 866 | |a Núm. 94 (gener 1930) - Núm. 105 (desembre 1930) | ||
| 901 | |a Arxiu | ||
| 942 | |n 1 |2 udc |c REV | ||
| 952 | |0 0 |1 0 |2 udc |4 0 |6 REV184 |7 1 |9 45189 |a Arxiu |b Arxiu |d 2016-12-01 |h Núm. 94 (gener 1930) - Núm. 105 (desembre 1930) |o Rev-184 |p 9310 |r 2016-12-01 00:00:00 |w 2016-12-01 |y ARXIU | ||
| 999 | |c 48260 |d 48260 | ||